[Event "AUTO-ADV-2913"]
[Site "http://www.queenalice.com/game.php?id=1201837"]
[Date "2013.7.22"]
[Round "1"]
[White "GuilhermeCXI"]
[Black "Nille"]
[Result "1-0"]
[WhiteElo "1975"]
[BlackElo "1861"]

1. d4 d5 2. c4 dxc4 3. Nc3 e5 4. e3 exd4 5. exd4 Nf6 6. Bg5 Be7 7. Bxc4 Nc6 8.
Nf3 h6 9. Bh4 O-O 10. d5 Nb4 11. a3 Nbxd5 12. Nxd5 Nxd5 13. Bxe7 Nxe7 14. O-O
Bg4 15. Qxd8 Raxd8 16. Ne5 Be6 17. Bxe6 fxe6 18. Rfd1 Rxd1+ 19. Rxd1 Rf5 20. Nf3
Rc5 21. Nd4 e5 22. Nf3 Kh7 23. g3 Rc2 24. Nxe5 Rxb2 25. Rd7 Ng6 26. Nxg6 Kxg6
27. Rxc7 a5 28. Kg2 b5 29. Ra7 a4 30. Rb7 Rb3 31. h4 Rxa3 32. Rxb5 Ra1 33. Ra5
a3 34. f4 a2 35. g4 Kh7 36. Ra6 Kg8 37. h5 Kh7 38. f5 Kg8 39. Ra7 Kf8 40. Kf2
Kg8 41. Kg2 Kh7 42. f6 Kg8 43. Rxg7+ Kf8 44. Ra7 Kg8 45. g5 hxg5 46. h6 Rb1 47.
h7+ Kh8 48. f7 Rb8 49. Rxa2 Kxh7 50. Kg3 Kg7 51. Kg4 Rb5 52. Ra7 Kf8 53. Rc7 Re5
54. Rd7 Ra5 55. Kh5 Rb5 56. Kg6 g4 57. Rd8+ 1-0

[Event "AUTO-ADV-2913"]
[Site "http://www.queenalice.com/game.php?id=1201838"]
[Date "2013.7.22"]
[Round "1"]
[White "Nille"]
[Black "GuilhermeCXI"]
[Result "0-1"]
[WhiteElo "1870"]
[BlackElo "1910"]

1. e4 c5 2. Nf3 Nc6 3. Bc4 d6 4. h3 Nf6 5. Nc3 e6 6. d3 d5 7. exd5 exd5 8. Bb5
a6 9. Bxc6+ bxc6 10. O-O Bd6 11. Re1+ Be6 12. Bg5 O-O 13. a3 h6 14. Bh4 Be7 15.
Ne5 Bd6 16. Nxc6 Qc7 17. Bxf6 gxf6 18. Rxe6 fxe6 19. Qg4+ Kh7 20. Qxe6 Qxc6 21.
Nxd5 Bh2+ 22. Kxh2 Qxe6 0-1

[Event "AUTO-ADV-2913"]
[Site "http://www.queenalice.com/game.php?id=1201839"]
[Date "2013.7.22"]
[Round "1"]
[White "GuilhermeCXI"]
[Black "NickThorp"]
[Result "1-0"]
[WhiteElo "1954"]
[BlackElo "1701"]

1. d4 d5 2. c4 dxc4 3. Nc3 e6 4. Nf3 Bb4 5. Bg5 f6 6. Bd2 Nc6 7. e3 Nge7 8. Bxc4
a6 9. Qb3 Qd6 10. O-O e5 11. Ne4 Qd7 12. Bxb4 exd4 13. Nc5 Qf5 14. Bd3 Qd5 15.
Bc4 Qf5 16. e4 Qh5 17. Ne6 Bxe6 18. Bxe6 Nxb4 19. Qxb4 c5 20. Qxb7 Rd8 21. Qxa6
d3 22. Qb5+ Kf8 23. Rfd1 g6 24. Rxd3 Kg7 25. Rd7 Rhe8 26. Rad1 Rb8 27. Rxe7+
Rxe7 28. Qxb8 Rxe6 29. Rd7+ 1-0

[Event "AUTO-ADV-2913"]
[Site "http://www.queenalice.com/game.php?id=1201840"]
[Date "2013.7.22"]
[Round "1"]
[White "NickThorp"]
[Black "GuilhermeCXI"]
[Result "0-1"]
[WhiteElo "1687"]
[BlackElo "1952"]

1. e4 e5 2. Nf3 Nc6 3. Bb5 a6 4. Ba4 b5 5. Bb3 Na5 6. Nxe5 Nxb3 7. axb3 Bb7 8.
d3 Bc5 9. O-O Qf6 10. d4 Bb6 11. c3 Ne7 12. Be3 Bxe4 13. Nd2 Bb7 14. c4 O-O 15.
Nxd7 Qg6 16. Nxf8 Qxg2# 0-1

[Event "AUTO-OPEN-3039"]
[Site "http://www.queenalice.com/game.php?id=1201966"]
[Date "2013.7.23"]
[Round "1"]
[White "maurice91"]
[Black "GuilhermeCXI"]
[Result "0-1"]
[WhiteElo "1776"]
[BlackElo "1899"]

1. d4 d5 2. c4 c6 3. Nc3 Nf6 4. Nf3 Bg4 5. e3 e6 6. Be2 Nbd7 7. O-O Bd6 8. c5
Bc7 9. h3 Bh5 10. b4 O-O 11. a4 a6 12. Bb2 Rc8 13. b5 Bb8 14. bxa6 bxa6 15. Bxa6
Qc7 16. Re1 Bxf3 17. Qxf3 Rcd8 18. Bd3 Qh2+ 19. Kf1 e5 20. dxe5 Nxe5 21. Qf5
Nxd3 22. Qxd3 Qh1+ 23. Ke2 Qxg2 24. Rh1 Bg3 25. Raf1 Ne4 26. Qd4 Nxf2 27. Nd1
Ne4+ 28. Rf2 Bxf2 29. Nxf2 Nxf2 30. Rg1 Qxg1 0-1

[Event "AUTO-OPEN-3039"]
[Site "http://www.queenalice.com/game.php?id=1201967"]
[Date "2013.7.23"]
[Round "1"]
[White "GuilhermeCXI"]
[Black "maurice91"]
[Result "1-0"]
[WhiteElo "1961"]
[BlackElo "1822"]

1. c4 e5 2. Nc3 f6 3. Nf3 Bc5 4. e3 Ne7 5. d4 exd4 6. exd4 Bb4 7. Qb3 Bxc3+ 8.
bxc3 O-O 9. Bd3 d5 10. cxd5 Nxd5 11. Bc4 c6 12. O-O Qc7 13. Bxd5+ cxd5 14. Qxd5+
Qf7 15. Qxf7+ Rxf7 16. Re1 Bd7 17. Bf4 Nc6 18. Rab1 b6 19. Re2 a5 20. Rbe1 b5
21. Bd6 g6 22. d5 Na7 23. Re7 Rd8 24. Nd4 Rxe7 25. Rxe7 Re8 26. Rxe8+ Bxe8 27.
Bc7 a4 28. d6 Bd7 29. f3 Kf7 30. a3 Nc8 31. Kf2 f5 32. h4 Kf6 33. f4 h6 34. Ke3
Na7 35. g3 g5 36. fxg5+ hxg5 37. Bd8+ Ke5 38. Bxg5 Kxd6 39. Bf4+ Ke7 40. h5 Kf7
41. Be5 Nc8 42. Kf4 Ne7 43. Kg5 Kg8 44. Bf6 Nd5 45. Nxf5 Nxf6 46. Kxf6 Kh7 47.
g4 1-0

[Event "AUTO-OPEN-3039"]
[Site "http://www.queenalice.com/game.php?id=1201976"]
[Date "2013.7.23"]
[Round "1"]
[White "brumbaz"]
[Black "GuilhermeCXI"]
[Result "0-1"]
[WhiteElo "1644"]
[BlackElo "1967"]

1. e4 e5 2. Nf3 Nc6 3. Bd3 Bc5 4. O-O d6 5. Nc3 Bg4 6. b3 Nd4 7. Be2 Nxe2+ 8.
Qxe2 Nf6 9. Qb5+ Nd7 10. Bb2 Bxf3 11. gxf3 Bb6 12. f4 exf4 13. Qf5 Qf6 14. Qxf6
Nxf6 15. Nd5 Nxd5 16. exd5 O-O 17. Kh1 Rae8 18. Rg1 g6 19. c4 Bxf2 20. Rgf1 Re2
21. Bc3 f3 22. d4 Rfe8 23. b4 R8e3 24. Rac1 Rxa2 25. c5 Ree2 26. Rce1 Bxd4 27.
Bxd4 Rxh2+ 0-1

[Event "AUTO-OPEN-3039"]
[Site "http://www.queenalice.com/game.php?id=1201977"]
[Date "2013.7.23"]
[Round "1"]
[White "GuilhermeCXI"]
[Black "brumbaz"]
[Result "1-0"]
[WhiteElo "1973"]
[BlackElo "1626"]

1. e4 e5 2. f4 Bd6 3. Nf3 Nc6 4. Bc4 Nf6 5. d3 O-O 6. O-O Bc5+ 7. Kh1 d6 8. Nc3
Nh5 9. fxe5 dxe5 10. Bg5 Qd7 11. Nxe5 Nxe5 12. Qxh5 Ng4 13. Bh4 Bd6 14. Rf3 Bxh2
15. Raf1 g6 16. Qg5 Be5 17. Qe7 Nh2 18. Rxf7 Qxe7 19. Rxe7+ 1-0

[Event "AUTO-ADV-2923"]
[Site "http://www.queenalice.com/game.php?id=1204564"]
[Date "2013.8.2"]
[Round "1"]
[White "talisman77"]
[Black "GuilhermeCXI"]
[Result "0-1"]
[WhiteElo "1763"]
[BlackElo "1956"]

1. d4 d5 2. c4 c6 3. Nc3 Nf6 4. Nf3 Bg4 5. e3 Nbd7 6. Be2 e6 7. O-O Bd6 8. a4
dxc4 9. Bxc4 e5 10. Qb3 Bxf3 11. Bxf7+ Kf8 12. gxf3 Qe7 13. Be6 Re8 14. Bc4 exd4
15. exd4 Nd5 16. Nxd5 cxd5 17. Bxd5 Qh4 18. Rd1 Qxh2+ 19. Kf1 Qh1# 0-1

[Event "AUTO-ADV-2923"]
[Site "http://www.queenalice.com/game.php?id=1204565"]
[Date "2013.8.2"]
[Round "1"]
[White "GuilhermeCXI"]
[Black "talisman77"]
[Result "1-0"]
[WhiteElo "1965"]
[BlackElo "1755"]

1. d4 Nf6 2. c4 d5 3. Nc3 e6 4. Bg5 Be7 5. e3 O-O 6. Bd3 dxc4 7. Bxc4 Nc6 8. Qc2
Na5 9. Bd3 g6 10. h4 c6 11. Bxf6 Bxf6 12. h5 Qe8 13. Ne4 Qe7 14. hxg6 fxg6 15.
Nxf6+ Rxf6 16. Qc3 Qf7 17. Nf3 b6 18. Ne5 Qe7 19. Ng4 Rf7 20. Nh6+ Kf8 21. Nxf7
Qxf7 22. b4 Nb7 23. Qxc6 Kg7 24. Rc1 Kg8 25. Be4 e5 26. Qc7 Qxa2 27. Qxh7+ Kf8
28. Bxg6 Qg8 29. Rc7 1-0

[Event "AUTO-ADV-2923"]
[Site "http://www.queenalice.com/game.php?id=1204580"]
[Date "2013.8.2"]
[Round "1"]
[White "GuilhermeCXI"]
[Black "alvm"]
[Result "0-1"]
[WhiteElo "1962"]
[BlackElo "1736"]

1. e4 c6 2. d4 d5 3. Nf3 dxe4 4. Nfd2 Qxd4 5. Nc3 Bf5 6. Ndxe4 e5 7. Be3 Qb4 8.
Rb1 Bxe4 9. Qd2 Bg6 10. Be2 Nf6 11. a3 Qd6 12. Rd1 Qxd2+ 13. Rxd2 Be7 14. O-O
O-O 15. Rfd1 Nbd7 16. Rxd7 Nxd7 17. Rxd7 Bf6 18. Rxb7 Bxc2 19. Bc4 Rab8 20. Rxa7
Rxb2 21. Bc5 Rd8 22. Rxf7 Rb1+ 23. Nxb1 Rd1+ 24. Bf1 Kxf7 25. Nc3 Ra1 0-1

[Event "AUTO-ADV-2923"]
[Site "http://www.queenalice.com/game.php?id=1204581"]
[Date "2013.8.2"]
[Round "1"]
[White "alvm"]
[Black "GuilhermeCXI"]
[Result "0-1"]
[WhiteElo "1743"]
[BlackElo "1948"]

1. d4 d5 2. c4 c6 3. Nc3 Nf6 4. cxd5 cxd5 5. Nf3 Nc6 6. Bg5 Bg4 7. e3 e6 8. Be2
Be7 9. O-O O-O 10. h3 Bh5 11. Rc1 Rc8 12. Re1 Bg6 13. a3 a6 14. b4 h6 15. Bxf6
Bxf6 16. Qd2 Be7 17. Nd1 Qb6 18. Nb2 Rc7 19. Nd3 Rfc8 20. Nfe5 Bxd3 21. Nxd3 Bf6
22. Nc5 Ne7 23. Bd3 Nc6 24. Bb1 Be7 25. Qd3 g6 0-1

[Event "AUTO-ADV-2923"]
[Site "http://www.queenalice.com/game.php?id=1204582"]
[Date "2013.8.2"]
[Round "1"]
[White "GuilhermeCXI"]
[Black "Betim_Xadrez"]
[Result "1-0"]
[WhiteElo "1958"]
[BlackElo "1981"]

1. c4 c5 2. Nc3 Nc6 3. g3 g6 4. Bg2 Bg7 5. Nf3 Nf6 6. O-O O-O 7. d3 d6 8. Bd2
Bg4 9. Qc1 Qd7 10. Bh6 Bh3 11. Re1 Rfe8 12. Qg5 Bxg2 13. Kxg2 Qg4 14. Qxg4 Nxg4
15. Bxg7 Kxg7 16. h3 Nf6 17. a3 Rad8 18. Nd2 Nd4 19. Rac1 a6 20. e3 Ne6 21. Nce4
b5 22. b3 Rb8 23. Rb1 d5 24. Nxf6 Kxf6 25. cxd5 Nc7 26. e4 Rbd8 27. f4 e6 28. d6
Na8 29. e5+ Kg7 30. Ne4 Nb6 31. Nxc5 f6 32. d4 f5 33. Nxa6 Nd5 34. Nc7 Nxc7 35.
dxc7 Rxd4 36. Rbc1 Rc8 37. Rc5 Rd3 38. Rb1 Rd7 39. Rbc1 Kh6 40. g4 fxg4 41. hxg4
g5 42. f5 exf5 43. Rc6+ Kg7 44. gxf5 Rd3 45. R1c3 Rxc3 46. Rxc3 h5 47. Rc6 h4
48. Kh3 Kf7 49. Kg4 Ke7 50. Kxg5 h3 51. Rh6 h2 52. Rxh2 Rxc7 53. Rh7+ Kd8 54.
Rxc7 Kxc7 55. f6 Kd8 56. e6 b4 57. axb4 Ke8 58. b5 Kf8 59. b6 Kg8 60. b7 Kh7 61.
Kh5 Kh8 62. Kh6 1-0

[Event "AUTO-ADV-2923"]
[Site "http://www.queenalice.com/game.php?id=1204583"]
[Date "2013.8.2"]
[Round "1"]
[White "Betim_Xadrez"]
[Black "GuilhermeCXI"]
[Result "0-1"]
[WhiteElo "1928"]
[BlackElo "1975"]

1. e4 e6 2. d4 d5 3. e5 c5 4. c3 Nc6 5. Bb5 Qb6 6. Bxc6+ bxc6 7. Nf3 Bb7 8. O-O
cxd4 9. cxd4 Bb4 10. a3 Ba6 11. axb4 Bxf1 12. Qxf1 Qxb4 13. Qd3 Ne7 14. Nc3 O-O
15. h3 a6 16. Rxa6 Rxa6 17. Qxa6 Qb3 18. Nd2 Qc2 19. Qa1 Nf5 20. Nf3 g6 21. Ne1
Qb3 22. Qa4 Qxa4 23. Nxa4 Nxd4 24. Kf1 Ra8 25. Nc5 Ra1 26. Ncd3 c5 27. Bd2 c4
28. Nb4 Nb3 29. Bg5 Rb1 30. g4 Nc5 31. Ke2 Rxb2+ 32. Nec2 Ne4 33. Be7 d4 34. Kf3
Nd2+ 35. Kg3 d3 36. Ne3 Ne4+ 37. Kf3 Ng5+ 38. Kg2 Ne4 39. Nxc4 Rxf2+ 40. Kg1 d2
41. Nxd2 Rxd2 42. Nc6 Rc2 43. Nd8 Rc3 44. Kg2 Rd3 45. g5 Rd7 46. Nc6 Rc7 47. Kf3
Nd2+ 48. Ke3 Nc4+ 49. Kd4 Rxc6 50. h4 Nb2 51. Ke3 Rc3+ 52. Kf4 Nd3+ 53. Ke4 Nf2+
54. Kf4 Rh3 55. h5 Rxh5 56. Bf6 h6 57. gxh6 Rxh6 58. Bg5 Nh3+ 59. Kg4 Nxg5 60.
Kxg5 Rh5+ 61. Kf6 Rf5+ 62. Ke7 Rxe5 63. Kf6 Rf5+ 64. Ke7 g5 65. Ke8 g4 66. Ke7
g3 67. Ke8 g2 68. Ke7 g1=Q 69. Ke8 Qa7 70. Kd8 Rd5+ 71. Kc8 Qd7+ 72. Kb8 Rb5+
0-1

[Event "Challenge"]
[Site "http://www.queenalice.com/game.php?id=1208006"]
[Date "2013.8.14"]
[Round "-"]
[White "jeancarlo1910"]
[Black "GuilhermeCXI"]
[Result "0-1"]
[WhiteElo "1786"]
[BlackElo "1949"]

1. c4 c5 2. Nc3 Nc6 3. Nf3 g6 4. e4 Bg7 5. d3 Nf6 6. Be2 O-O 7. Bg5 b6 8. e5 Ne8
9. Bf4 Bb7 10. O-O Nc7 11. Ne4 Re8 12. Bg3 h6 13. Nc3 Ne6 14. h3 Ned4 15. Nxd4
cxd4 16. Ne4 Nxe5 17. f4 Bxe4 18. dxe4 Nc6 19. Bd3 d6 20. f5 Rf8 21. fxg6 fxg6
22. a3 Qd7 23. Qb3 Na5 24. Qa2 Kh8 25. b4 Nc6 26. e5 Nxe5 27. Bxe5 Bxe5 28. Bxg6
Qe6 29. Bd3 Rg8 30. Qc2 Qxh3 31. Be4 Qh2+ 32. Kf2 Qg3+ 33. Ke2 d3+ 34. Qxd3
Qxd3+ 35. Kxd3 Bxa1 36. Bxa8 Bb2 37. Bd5 Rg3+ 38. Rf3 Rxf3+ 39. Bxf3 Bxa3 40. b5
Bc5 41. Bg4 Kg7 42. Ke4 Kf6 43. Kd5 e5 44. Kc6 Kg5 45. Bf3 Kf4 46. Kd5 Bb4 47.
Be4 h5 48. Bf3 h4 49. Be4 Bc5 50. Bf3 h3 51. Be4 h2 52. g3+ Kxg3 53. Kc6 Kf4 54.
Kd5 Ke3 55. Bh1 Kf2 0-1

[Event "AUTO-ADV-2913"]
[Site "http://www.queenalice.com/game.php?id=1219048"]
[Date "2013.9.23"]
[Round "2"]
[White "GuilhermeCXI"]
[Black "OvercoME"]
[Result "0-1"]
[WhiteElo "1989"]
[BlackElo "2109"]

1. d4 Nc6 2. c4 e5 3. d5 Nce7 4. e4 Ng6 5. Nf3 Nf6 6. Nc3 Bc5 7. Bd3 d6 8. O-O
O-O 9. Na4 Bb6 10. Nxb6 axb6 11. Bg5 h6 12. Be3 Bg4 13. h3 Bd7 14. Qd2 Qe7 15.
b3 Nh7 16. Kh2 f5 17. Qc2 f4 18. Bd2 Ng5 19. Qd1 Nxf3+ 20. Qxf3 Nh4 21. Qd1 g5
22. Qh5 Kg7 23. Be1 Qf6 24. f3 Ng6 25. Rd1 Rxa2 26. Bc3 Be8 27. Qg4 Nh4 28. Rg1
h5 29. Qc8 Nxf3+ 30. Kh1 Nxg1 31. Qxc7+ Rf7 32. Qxb6 Ne2 33. Bb4 Ra6 0-1

[Event "AUTO-ADV-2913"]
[Site "http://www.queenalice.com/game.php?id=1219049"]
[Date "2013.9.23"]
[Round "2"]
[White "OvercoME"]
[Black "GuilhermeCXI"]
[Result "1-0"]
[WhiteElo "2125"]
[BlackElo "1937"]

1. d4 e6 2. c3 d5 3. Nf3 c5 4. Bg5 Nf6 5. e3 Nc6 6. Nbd2 h6 7. Bxf6 Qxf6 8. Bb5
Bd7 9. Qe2 a6 10. Bd3 c4 11. Bc2 b5 12. e4 dxe4 13. Nxe4 Qd8 14. O-O Be7 15.
Rad1 O-O 16. Rd2 Qc7 17. h3 Kh8 18. Rfd1 f5 19. Ng3 Bd6 20. Nf1 Bf4 21. Ne3 Ne7
22. g3 Bxe3 23. Qxe3 Nd5 24. Qe5 Qxe5 25. Nxe5 Be8 26. Re1 Kh7 27. Ng4 Bd7 28.
Ne3 Nxe3 29. Rxe3 Rae8 30. f4 g6 31. Rde2 h5 32. Re5 Kh6 33. Rc5 Rc8 34. Ree5
Rxc5 35. Rxc5 Rc8 36. Rxc8 Bxc8 37. a4 Bd7 38. axb5 axb5 39. b3 Bc6 40. Kf2 Bd5
41. bxc4 bxc4 42. h4 Kg7 43. Ba4 Kf6 44. Ke2 Ke7 45. Kd2 Kf6 46. Kc2 Ke7 47. Kb2
Kd8 48. Ka3 Ke7 49. Kb4 1-0

[Event "AUTO-ADV-2913"]
[Site "http://www.queenalice.com/game.php?id=1219050"]
[Date "2013.9.23"]
[Round "2"]
[White "GuilhermeCXI"]
[Black "Espechess"]
[Result "1-0"]
[WhiteElo "1929"]
[BlackElo "1995"]

1. e4 c5 2. Nf3 e6 3. Nc3 d6 4. Bb5+ Bd7 5. Bxd7+ Qxd7 6. d3 Nc6 7. Bf4 Be7 8.
O-O Nf6 9. Qd2 Rd8 10. a3 O-O 11. Rfe1 Rfe8 12. e5 dxe5 13. Nxe5 Nxe5 14. Bxe5
Nd5 15. Nxd5 Qxd5 16. Bc3 c4 17. Rad1 cxd3 18. Qxd3 Qxd3 19. Rxd3 Rxd3 20. cxd3
g6 21. g3 Bc5 22. d4 Bb6 23. h4 Rd8 24. Re4 Kf8 25. Bb4+ Ke8 26. Bc5 Bxc5 27.
dxc5 Rd1+ 28. Kg2 Rc1 29. Rb4 Rxc5 30. Rxb7 a5 31. b4 axb4 32. axb4 Rc2 33. b5
Rb2 34. b6 h5 35. Rb8+ Kd7 36. Rb7+ Ke8 37. Kf3 Rd2 38. Ke3 Rd7 39. Ra7 1-0

[Event "AUTO-ADV-2913"]
[Site "http://www.queenalice.com/game.php?id=1219051"]
[Date "2013.9.23"]
[Round "2"]
[White "Espechess"]
[Black "GuilhermeCXI"]
[Result "1-0"]
[WhiteElo "1968"]
[BlackElo "1978"]

1. e4 e5 2. Nf3 Nc6 3. Bb5 a6 4. Ba4 Nf6 5. Nc3 b5 6. Bb3 Bb7 7. d3 Bc5 8. h3
O-O 9. Bg5 h6 10. Bh4 Be7 11. Qd2 Nxe4 12. Nxe4 Bxh4 13. O-O-O d6 14. Kb1 Bf6
15. g4 Na5 16. Qxa5 d5 17. Nc5 Bc6 18. Qc3 e4 19. Nd4 Qd6 20. dxe4 dxe4 21. Nce6
fxe6 22. Bxe6+ Kh8 23. Qxc6 Qe7 24. Bd5 Rad8 25. Nf5 Qe5 26. c3 Rfe8 27. Rhe1
1-0